000 00879nam a22001937a 4500
999 _c61133
_d61133
005 20231221164933.0
008 231221s2004 ru ||||| |||| 00| 0 rus d
020 _a5981110201
041 _arus
080 _a355.48(477.9) B-49
100 _aВиноградов, Ю. А.
_920843
245 _aТам закололся Митридат... :
_bВоенная история Боспора Киммерийского в доримскую эпоху (VI-I вв. до н. э.) /
_cЮ.А. Виноградов.
264 _a М.:
_bФиломатис,
_c2004.
300 _a208 с.:
_bил.;
_c17 см.
653 _aკიმერიული ბოსფორის სამხედრო ისტორია პრერომაულ ხანაში
653 _aარქეოლოგია
653 _aისტორია
942 _2udc
_cᲬᲘᲒᲜᲘ